Ładuje się......
Dimensions of law : Festchrift in honour of Prof. S.P Sathe
| Wydane: |
Bombay
N.M Tripathi Pvt. Ltd.
1992
|
|---|---|
| Hasła przedmiotowe: |
| LEADER | 00460nam a22001217a 4500 | ||
|---|---|---|---|
| 074 | |a 2250 | ||
| 082 | |a 340 BAX | ||
| 245 | |a Dimensions of law |b : Festchrift in honour of Prof. S.P Sathe |c edited by Upendra Baxi | ||
| 260 | |a Bombay |b N.M Tripathi Pvt. Ltd. |c 1992 | ||
| 300 | |a xxii+236p. | ||
| 653 | |a Law |a Administrative law |a Constitutional law | ||
| 999 | |c 880 |d 880 | ||
| 952 | |0 0 |1 0 |2 udc |4 0 |6 340_BAX |7 0 |9 1198 |a NUALS |b NUALS |d 2009-10-01 |l 0 |o 340 BAX |p 2250 |r 2013-04-11 |t 1 |w 2013-04-11 |y VRK | ||